| 000 | 01703nam a2200265 4500 | ||
|---|---|---|---|
| 001 | 0000076097 | ||
| 005 | 20250329165434.0 | ||
| 008 | 190415s2019 000 0 eng d | ||
| 040 |
_aCO-CtgCURN _bspa _ccoctgcurn |
||
| 082 | 0 |
_aENF 2019 _bZ12 |
|
| 100 | 1 | _aZabaleta Rios, Dina. | |
| 245 | 1 | 0 |
_aFactores que influyen en la insistencia de mujeres embarazadas al control prenatal en tres centros de salud,canapote,san francisco y la esperanzade la ESE local cartagena de indias 2018 / _cYeneris Tapias Balanquera; Guadalupe Vanegas peroza; Karina Cuadrado Coneo. |
| 260 |
_aCartagena de Indias : _bCorporación Universitaria Rafael Núñez, _c2019. |
||
| 504 | _aTrabajo de grado (Enfermeria). Corporación Universitaria Rafael Nuñez. Facultad de Ciencias de la salud. Enfermeria, 2019. | ||
| 520 | _aLa atención prenatal pretende esencialmente prevenir, diagnosticar y tratar complicaciones del embarazo. La inasistencia a los controles prenatales repercuten en la salud del binomio madre e hijo(a) por lo cual el poder identificar los factores causales de esta inasistencia aportaría el poder minimizar las complicaciones en el binomio. | ||
| 650 | 0 |
_aEnfermeria _vTesis y disertaciones academicas. |
|
| 700 | 1 | _aTapias Balanquera, Yeneris. | |
| 700 | 1 | _aZabaleta Rios, Dina. | |
| 700 | 1 | _aVanegas Peroza, Guadalupe. | |
| 700 | 1 | _aCuadrado Coneo, Karina. | |
| 700 | 1 |
_aManrique Anaya, Yolima _vAsesor. |
|
| 856 |
_uhttps://unicurn.sharepoint.com/:b:/s/biblioteca/Eb7mOekmCrRPoLyiMd7DPEkBzPDClkVbAizl5_nbPCAYOA?e=7y3y65 _zClick aqui para ver el recurso en texto completo |
||
| 942 |
_2ddc _cTG _hENF 2019 _iZ12 |
||
| 999 |
_c4041 _d4041 |
||